[Event "Berlin Teschner Memorial"]
[Site "Berlin"]
[Date "2022.05.29"]
[Round "7"]
[White "Van den Doel, Erik"]
[Black "Strache, Michael"]
[Result "1-0"]
[WhiteElo "2581"]
[BlackElo "2302"]
[PlyCount "91"]
[EventDate "2022.05.26"]
[EventType "swiss"]
[EventRounds "7"]
[EventCountry "GER"]
[SourceTitle "CBM 208 Extra"]
[Source "ChessBase"]
[SourceDate "2022.07.31"]
[SourceVersion "1"]
[SourceVersionDate "2022.07.31"]
[SourceQuality "1"]

1. d4 f5 2. Nc3 Nf6 3. Bg5 d5 4. e3 c6 5. Bd3 Be6 6. Nf3 g6 7. 0-0 Bg7 8. Ne2 Ne4 9. Rc1 Bf7 10. c4 Nxg5 11. Nxg5 e6 12. Qb3 Qb6 13. Qa3 Bf8 14. c5 Qc7 15. b4 Be7 16. Nf3 Nd7 17. b5 0-0 18. Rb1 Rfb8 19. Rb3 g5 20. Rfb1 g4 21. Ne1 Be8 22. bxc6 bxc6 23. Qa6 Rxb3 24. axb3 Rb8 25. b4 Rb7 26. Nf4 Kf7 27. h3 Bg5 28. g3 Bxf4 29. exf4 h5 30. hxg4 hxg4 31. Bc2 Ke7 32. Nd3 Kd8 33. Kg2 Nb8 34. Qa1 Qg7 35. Rh1 Qg8 36. Qe1 Nd7 37. Ba4 Kc7 38. b5 Nb8 39. Qe5+ Kc8 40. Rh8 Qf7 41. bxc6 Re7 42. Qd6 Na6 43. Ne5 Qg7 44. Rxe8+ Rxe8 45. Qd7+ Qxd7 46. cxd7+ 1-0

[Event "Berlin Teschner Memorial"]
[Site "Berlin"]
[Date "2022.05.27"]
[Round "4"]
[White "Van den Doel, Erik"]
[Black "Ermitsch, Magnus"]
[Result "1-0"]
[WhiteElo "2581"]
[BlackElo "2222"]
[PlyCount "83"]
[EventDate "2022.05.26"]
[EventType "swiss"]
[EventRounds "7"]
[EventCountry "GER"]
[SourceTitle "CBM 208 Extra"]
[Source "ChessBase"]
[SourceDate "2022.07.31"]
[SourceVersion "1"]
[SourceVersionDate "2022.07.31"]
[SourceQuality "1"]

1. d4 Nf6 2. Nf3 d5 3. Bf4 c5 4. e3 Nc6 5. Nbd2 Qb6 6. dxc5 Qxb2 7. Rb1 Qc3 8. Bb5 g6 9. 0-0 Bg7 10. Ne5 Bd7 11. Rb3 Qxc5 12. Nxd7 Nxd7 13. c4 Nb6 14. cxd5 Qxd5 15. Nc4 0-0 16. Nxb6 Qxd1 17. Rxd1 axb6 18. a4 e5 19. Bg3 Nd8 20. Bd7 Ra6 21. Rdb1 f5 22. f3 Bf6 23. Rxb6 Rf7 24. Rxa6 bxa6 25. Bc8 a5 26. Rc1 Bg5 27. Bf2 Ra7 28. f4 Bf6 29. fxe5 Bxe5 30. e4 Rf7 31. exf5 gxf5 32. Rc5 Re7 33. Bxf5 Nb7 34. Rd5 Bd6 35. Bd3 Rc7 36. g4 Kf8 37. Kg2 Ke7 38. Bxh7 Nc5 39. Bf5 Nxa4 40. Bh4+ Kf7 41. Rxd6 Nc3 42. Bg6+ 1-0

[Event "Berlin Teschner Memorial"]
[Site "Berlin"]
[Date "2022.05.26"]
[Round "2"]
[White "Pueschel, Werner"]
[Black "Van den Doel, Erik"]
[Result "0-1"]
[WhiteElo "2037"]
[BlackElo "2581"]
[PlyCount "46"]
[EventDate "2022.05.26"]
[EventType "swiss"]
[EventRounds "7"]
[EventCountry "GER"]
[SourceTitle "CBM 208 Extra"]
[Source "ChessBase"]
[SourceDate "2022.07.31"]
[SourceVersion "1"]
[SourceVersionDate "2022.07.31"]
[SourceQuality "1"]

1. c4 Nf6 2. Nc3 e5 3. g3 Bb4 4. Bg2 0-0 5. Nf3 Re8 6. 0-0 c6 7. Qb3 Bf8 8. d3 d6 9. e4 a6 10. a4 a5 11. Be3 Na6 12. Rad1 Nc5 13. Qc2 Qb6 14. h3 Qb3 15. Qxb3 Nxb3 16. Rfe1 Ra6 17. d4 exd4 18. Nxd4 Nc5 19. f3 g6 20. Bf1 Nfd7 21. Kg2 Bg7 22. Nde2 Rb6 23. Rxd6 Rxb2 0-1

[Event "NED-chT 2122"]
[Site "Netherlands"]
[Date "2022.04.02"]
[Round "8.4"]
[White "Warmerdam, Max"]
[Black "Van den Doel, Erik"]
[Result "1-0"]
[WhiteElo "2608"]
[BlackElo "2594"]
[PlyCount "91"]
[EventDate "2021.09.18"]
[EventType "team-tourn"]
[EventRounds "9"]
[EventCountry "NED"]
[SourceTitle "EXT 2024"]
[Source "ChessBase"]
[SourceDate "2023.10.10"]
[SourceVersion "1"]
[SourceVersionDate "2023.10.10"]
[SourceQuality "1"]
[WhiteTeam "Apeldoorn Amevo"]
[BlackTeam "Charlois Europoort"]
[WhiteTeamCountry "NED"]
[BlackTeamCountry "NED"]

1. c4 c6 2. Nf3 d5 3. g3 Nf6 4. Bg2 g6 5. b3 Bg7 6. Bb2 0-0 7. 0-0 a5 8. Nc3 Bf5 9. d3 Na6 10. cxd5 cxd5 11. Rc1 Bh6 12. Rb1 Nb4 13. a3 Nc6 14. Nb5 Qd7 15. Nbd4 Nxd4 16. Bxd4 Rfc8 17. b4 a4 18. e3 Ne8 19. Qe2 Bg4 20. Qa2 Bxf3 21. Bxf3 e6 22. Qb2 Nd6 23. Be5 Nb5 24. h4 Ra6 25. Rfc1 Bf8 26. Rxc8 Qxc8 27. Bd1 Qd7 28. Rc1 Ra8 29. h5 Nd6 30. Rc2 Ne8 31. Qd4 Be7 32. Qf4 f6 33. Bb2 e5 34. Qf3 Kg7 35. Qh1 Rd8 36. Qh4 Nd6 37. Bg4 f5 38. Bxe5+ Kf8 39. Qh1 fxg4 40. hxg6 hxg6 41. Qh8+ Kf7 42. Qg7+ Ke8 43. Qxg6+ Nf7 44. Rc7 Qb5 45. Qg8+ Bf8 46. Qxf7# 1-0

[Event "BL2-Sued 2122"]
[Site "Germany"]
[Date "2022.03.06"]
[Round "2.2"]
[White "Van den Doel, Erik"]
[Black "Mesaros, Florian"]
[Result "1-0"]
[WhiteElo "2585"]
[BlackElo "2419"]
[PlyCount "81"]
[EventDate "2022.03.05"]
[EventType "team-tourn"]
[EventRounds "10"]
[EventCountry "GER"]
[SourceTitle "EXT 2023"]
[Source "ChessBase"]
[SourceDate "2022.10.05"]
[SourceVersion "1"]
[SourceVersionDate "2022.10.05"]
[SourceQuality "1"]
[WhiteTeam "Oetigheim"]
[BlackTeam "Eppingen"]
[WhiteTeamCountry "GER"]
[BlackTeamCountry "GER"]

1. d4 d5 2. Nf3 Nf6 3. Bf4 e6 4. e3 c5 5. Be2 Qb6 6. Nc3 Bd7 7. 0-0 cxd4 8. Qxd4 Bc5 9. Qd3 0-0 10. Be5 Bc6 11. Bxf6 gxf6 12. e4 d4 13. Nd1 Rd8 14. Nd2 Bf8 15. Qg3+ Bg7 16. Bd3 Qa5 17. Nb3 Qg5 18. Qh3 Qf4 19. g3 Qh6 20. Qg2 a5 21. f4 f5 22. Qe2 fxe4 23. Bxe4 Bxe4 24. Qxe4 Nc6 25. Nc5 Nb4 26. Nxb7 Rd5 27. c4 dxc3 28. bxc3 Rb8 29. Rb1 Nxa2 30. Qc2 Rd7 31. Nc5 Rxb1 32. Nxd7 Ra1 33. Qb2 Bxc3 34. Nxc3 Rxf1+ 35. Kxf1 Qh3+ 36. Kg1 Nb4 37. Ne4 Qf5 38. Ndf6+ Kf8 39. Qc3 Qb5 40. Qc8+ Kg7 41. Qg8+ 1-0

[Event "BL2-Sued 2122"]
[Site "Germany"]
[Date "2022.03.05"]
[Round "1.2"]
[White "Ortmann, David"]
[Black "Van den Doel, Erik"]
[Result "1/2-1/2"]
[WhiteElo "2331"]
[BlackElo "2585"]
[PlyCount "114"]
[EventDate "2022.03.05"]
[EventType "team-tourn"]
[EventRounds "10"]
[EventCountry "GER"]
[SourceTitle "EXT 2023"]
[Source "ChessBase"]
[SourceDate "2022.10.05"]
[SourceVersion "1"]
[SourceVersionDate "2022.10.05"]
[SourceQuality "1"]
[WhiteTeam "Boeblingen"]
[BlackTeam "Oetigheim"]
[WhiteTeamCountry "GER"]
[BlackTeamCountry "GER"]

1. d4 d5 2. c4 c6 3. cxd5 cxd5 4. Nc3 Nf6 5. Bf4 Nc6 6. e3 a6 7. Be2 Bf5 8. Nf3 e6 9. 0-0 Bd6 10. Bxd6 Qxd6 11. Rc1 0-0 12. Na4 Rac8 13. Nc5 Rc7 14. Qb3 Qe7 15. Qb6 Rfc8 16. Rc3 Bg4 17. Rfc1 Ne4 18. R3c2 Nxc5 19. Rxc5 Bxf3 20. Bxf3 Rd7 21. h3 Qd8 22. Qxd8+ Rcxd8 23. Be2 Ra8 24. Bd1 Rdd8 25. a3 Kf8 26. Ba4 Ne7 27. Rc7 Rab8 28. Bc2 Rdc8 29. Bd3 Rxc7 30. Rxc7 Ke8 31. Rc3 Kd7 32. Kf1 h6 33. Ke2 Nc6 34. Kd2 Kd6 35. Rc1 f6 36. f4 g5 37. Rf1 Ke7 38. b4 gxf4 39. Rxf4 Rg8 40. g4 Rg5 41. Rf1 h5 42. Be2 Nd8 43. Rc1 hxg4 44. hxg4 Kd7 45. b5 axb5 46. Bxb5+ Nc6 47. Rf1 Rxg4 48. Rxf6 Rg2+ 49. Kd3 Kd6 50. Rf7 Ne7 51. a4 Rg8 52. Rh7 b6 53. Rf7 Rh8 54. Rg7 Rh2 55. Rf7 Rh3 56. Kd2 Rh8 57. Kd3 Rh3 1/2-1/2